000 00468nam a2200169 4500
005 20260117135543.0
008 260117b |||||||| |||| 00| 0 eng d
020 _a978-81-901059-1-4
041 _aEnglish
082 _aX 158 TOL
_bB12179
100 _aTolle, Eckhart
_9216355
245 _aThe Power of Now
_bA guide to spiritual enlightenment
260 _aMumbai
_bYogi Impressions
_c2019
300 _axxi,192p
_bpb
365 _aRupaye
_b235
_cINR
942 _cBK
999 _c369903
_d369903